Forecast 2011-2013 (Record no. 119366)

MARC details
000 -LEADER
fixed length control field 01167cas a22002415 4500
001 - CONTROL NUMBER
control field L154289
008 - FIXED-LENGTH DATA ELEMENTS--GENERAL INFORMATION
fixed length control field 111109c2011 xxuqr ws s 0 a0eng u
035 ## - SYSTEM CONTROL NUMBER
System control number (Sirsi) u154289
041 0# - LANGUAGE CODE
Language code of text/sound track or separate title eng
050 ## - LIBRARY OF CONGRESS CALL NUMBER
Classification number 333.33 $2 18
110 2# - MAIN ENTRY--CORPORATE NAME
Corporate name or jurisdiction name as entry element Cushman & Wakefield
9 (RLIN) 5888
245 00 - TITLE STATEMENT
Title Forecast 2011-2013
Remainder of title United States Office Market
Medium [electronic resource]
260 ## - PUBLICATION, DISTRIBUTION, ETC.
Place of publication, distribution, etc. [S.l.]
Name of publisher, distributor, etc. Cushman & Wakefield
Date of publication, distribution, etc. 2011-
362 0# - DATES OF PUBLICATION AND/OR SEQUENTIAL DESIGNATION
Dates of publication and/or sequential designation March 2011-
490 #0 - SERIES STATEMENT
Series statement Cushman & Wakefield Forecast United States Office Market
Volume/sequential designation March 2011-
520 ## - SUMMARY, ETC.
Summary, etc. Forecast includes:economic outlook, office market review, CBD forecast, office market projections to city level, and suburban forecasts.
554 ## -
-- Occasional
650 24 - SUBJECT ADDED ENTRY--TOPICAL TERM
Topical term or geographic name entry element CUSHMAN & WAKEFIELD FORECAST UNITED STATES OFFICE MARKET
651 #4 - SUBJECT ADDED ENTRY--GEOGRAPHIC NAME
Geographic name United States
Chronological subdivision 1959-
690 ## - LOCAL SUBJECT ADDED ENTRY--TOPICAL TERM (OCLC, RLIN)
Topical term or geographic name as entry element PROPERTY-COMMERCIAL PROPERTY-COMMERCIAL PROPERTY MARKET
856 40 - ELECTRONIC LOCATION AND ACCESS
Uniform Resource Identifier <a href="https://www.cushwake.com/cwglobal/jsp/kcLocalReportLanding.jsp?Country=GLOBAL&Language=EN&catId=100004">https://www.cushwake.com/cwglobal/jsp/kcLocalReportLanding.jsp?Country=GLOBAL&Language=EN&catId=100004</a>
Public note View the report (highlight United States in the region box, office in the sector box, click on search) free of charge after free registration at www.cushwake.com
942 ## - ADDED ENTRY ELEMENTS (KOHA)
Suppress in OPAC 0
Holdings
Withdrawn status Lost status Source of classification or shelving scheme Damaged status Not for loan Home library Current library Shelving location Date acquired Total Checkouts Full call number Barcode Date last seen Copy number Price effective from Koha item type
    Dewey Decimal Classification     Virtual Virtual Online 09/11/2011   ONLINE PUBLICATION 154289-2001 06/08/2019 1 06/08/2019 Book